00449nam a22001337a 4500003000400000008004100004082001800045100001800063245016000081260003300241300000900274502001500283650001700298OSt260421b |||||||| |||| 00| 0 eng d a634.421bT16S aTaran, Pradip aStudies on the Effect of Calcium Potassium and Plant Growth Regulators on Fruit Development annd Quality of Guava (Psidium guajava L.) CV. Allahabad Safeda aBAU, SabourbRAU, Pusac1987 a75P. bMsc.d1987 aHorticulture